01012cam a22002651 450000100060000000300080000600500170001400800410003103500190007203500180009104000320010904100080014108200200014910000350016924500600020426000670026430000260033150400660035760000750042365000370049890600450053594200120058099900170059295201370060920394BD-RjUL20211209000547.0200310s1964 mau b 000 0 eng  a(BD-RjUL)20456 a(OCoLC)364196 aDLCcODaWUdOCoLCdDLCbeng aeng a821.7bPEW 19641 aPerkins, David,d1928-924070210aWordsworth and the poetry of sincerity./cDavid Perkins aCambridge :bBelknap Press of Harvard University Press,c1964. aviii, 285 p.;c22 cm. aBibliographical references included in "Notes" (p. [273]-279)10aWordsworth, William,d1770-1850xCriticism and interpretation.9240708 0aSincerity in literature.9240704 a7bcbccoclcrplduencipf19gy-gencatlg 2ddccBK c20394d20394 00102ddc40708NFICaRUCLbRUCLcStackd1968-11-06eZeitlingerg50.00l0o821.7 PEW 1964r2020-03-10 00:00:00tC-2w2020-03-10yBK